The elements of counselling
| Main Author: | |
|---|---|
| Other Authors: | |
| Format: | Book |
| Published: |
California :
Thompson Brook / Cole ,
2005
|
| Edition: | 5th ed. |
| Subjects: |
MARC
| LEADER | 00000cam a2200000 7i4500 | ||
|---|---|---|---|
| 001 | 0000015926 | ||
| 005 | 20220223.0 | ||
| 020 | |a 0534574181 | ||
| 040 | |a INS | ||
| 090 | 0 | 0 | |a BF637.C6 |b M42 2005 |
| 100 | 1 | |a Meier, Scott T | |
| 245 | 1 | 4 | |a The elements of counselling |c Scott T. Meier |
| 250 | |a 5th ed. | ||
| 260 | |a California : |b Thompson Brook / Cole , |c 2005 | ||
| 300 | |a xvii : |b 125p. ; |c 21cm. | ||
| 650 | 0 | 0 | |a Counseling |
| 700 | 0 | |a David, Susan R | |
| 999 | |a 0000015685 |b BOOK |c Open Shelf |e Default branch | ||